header

Counseling survivors of childhood sexual abuse (Record no. 1885)

MARC details
000 -LEADER
fixed length control field 01254nam a2200313Ia 4500
100 1# - MAIN ENTRY--AUTHOR NAME
Personal name Burke-Draucker, Claire.
245 10 - TITLE STATEMENT
Title Counseling survivors of childhood sexual abuse
250 ## - EDITION STATEMENT
Edition statement 3rd ed.
260 ## - PUBLICATION, DISTRIBUTION, ETC. (IMPRINT)
Place of publication London ;
-- Thousand Oaks,[Calif.] :
Name of publisher Sage Publications,
Year of publication 2006.
300 ## - PHYSICAL DESCRIPTION
Number of Pages 166 p.
490 0# - SERIES STATEMENT
Series statement Counseling in practice
650 #0 - SUBJECT ADDED ENTRY--TOPICAL TERM
Topical Term Adult child sexual abuse victims
Topical Term Psychology.
700 1# - ADDED ENTRY--PERSONAL NAME
Personal name Martsolf, Donna Steele.
856 40 - ELECTRONIC LOCATION AND ACCESS
Uniform Resource Identifier http://site.ebrary.com/lib/rucke/Doc?id=10285236

No items available.

© 2026 Rongo University
Contact us: librarian | system librarian | Rongo university